000 00437nam a22001697a 4500
003 OSt
005 20260416055750.0
008 260416b |||||||| |||| 00| 0 eng d
020 _a978-1-4391-5726-8
040 _aDWCL-Main Lib
_cOC
082 _aFic. P599 2004
100 _aPicoult, Jodi
245 _aMy sisters keeper /
260 _aNew York :
_b Pocket Books,
_cc2004.
300 _a494 p. :
_c17 cm.
942 _2ddc
_cFIC.
_mFic.
_n0
999 _c9501
_d9501